[Event "World Chess Olympiad 2018"]
[Site "Batumi"]
[Date "2018.10.02"]
[Round "8"]
[Board "3"]
[WhiteFideId "1709437"]
[White "Blomqvist Erik"]
[BlackFideId "13601270"]
[Black "Shengelia David"]
[Result "0-1"]
[LiveChessVersion "1.4.8"]
[BlackElo "2512"]
[WhiteElo "2499"]

1. e4 {[%clk 1:30:56]} c6 {[%clk 1:30:45]} 2. d4 {[%clk 1:31:14]} d5
{[%clk 1:31:08]} 3. exd5 {[%clk 1:31:06]} cxd5 {[%clk 1:31:29]} 4. Bd3
{[%clk 1:31:26]} Nc6 {[%clk 1:31:37]} 5. c3 {[%clk 1:31:45]} Qc7 {[%clk 1:31:59]}
6. h3 {[%clk 1:31:43]} e6 {[%clk 1:28:51]} 7. Nf3 {[%clk 1:28:56]} Bd6
{[%clk 1:28:03]} 8. O-O {[%clk 1:29:00]} Nge7 {[%clk 1:27:29]} 9. Re1
{[%clk 1:27:47]} Ng6 {[%clk 1:12:16]} 10. Be3 {[%clk 1:13:17]} O-O
{[%clk 1:05:08]} 11. Nbd2 {[%clk 1:12:37]} Bd7 {[%clk 0:51:06]} 12. Ng5
{[%clk 1:02:23]} Nce7 {[%clk 0:21:58]} 13. Nf1 {[%clk 0:55:41]} Nf5
{[%clk 0:15:30]} 14. Bd2 {[%clk 0:54:25]} Nf4 {[%clk 0:08:33]} 15. Bc2
{[%clk 0:53:45]} h6 {[%clk 0:07:59]} 16. Nf3 {[%clk 0:53:37]} f6 {[%clk 0:07:29]}
17. Bxf4 {[%clk 0:32:54]} Bxf4 {[%clk 0:07:55]} 18. Bxf5 {[%clk 0:33:13]} exf5
{[%clk 0:08:24]} 19. Nh4 {[%clk 0:32:27]} Rfe8 {[%clk 0:04:40]} 20. Qh5
{[%clk 0:29:40]} Bg5 {[%clk 0:03:35]} 21. Ng6 {[%clk 0:28:07]} Be6
{[%clk 0:01:38]} 22. Rxe6 {[%clk 0:12:30]} Rxe6 {[%clk 0:02:02]} 23. Qf3
{[%clk 0:12:45]} f4 {[%clk 0:01:02]} 24. Qxd5 {[%clk 0:10:17]} Qf7
{[%clk 0:01:12]} 25. Qf5 {[%clk 0:09:33]} Rae8 {[%clk 0:01:20]} 26. Nd2
{[%clk 0:06:16]} Re1+ {[%clk 0:00:50]} 27. Rxe1 {[%clk 0:06:41]} Rxe1+
{[%clk 0:01:19]} 28. Kh2 {[%clk 0:07:01]} Qe6 {[%clk 0:01:02]} 29. Qb5
{[%clk 0:03:59]} Qe8 {[%clk 0:00:45]} 30. Qf5 {[%clk 0:03:22]} Re2
{[%clk 0:00:46]} 31. Nf3 {[%clk 0:01:02]} Qe6 {[%clk 0:00:40]} 32. Qb5
{[%clk 0:00:50]} Rxf2 {[%clk 0:00:41]} 33. d5 {[%clk 0:00:36]} Qe2
{[%clk 0:00:35]} 34. Qxe2 {[%clk 0:00:35]} Rxe2 {[%clk 0:01:04]} 35. h4
{[%clk 0:00:42]} Kf7 {[%clk 0:01:04]} 36. Nh8+ {[%clk 0:00:56]} Ke8
{[%clk 0:00:59]} 37. Ng6 {[%clk 0:01:07]} Rxb2 {[%clk 0:01:01]} 38. Kh3
{[%clk 0:00:42]} Rxa2 {[%clk 0:01:09]} 39. Kg4 {[%clk 0:00:35]} Rxg2+
{[%clk 0:01:07]} 40. Kf5 {[%clk 0:31:00]} Re2 {[%clk 0:30:59]} 41. hxg5
{[%clk 0:24:58]} hxg5 {[%clk 0:31:23]} 42. c4 {[%clk 0:23:58]} Re3
{[%clk 0:31:09]} 43. Nd4 {[%clk 0:22:58]} f3 {[%clk 0:31:15]} 0-1

[Event "World Chess Olympiad 2018"]
[Site "Batumi"]
[Date "2018.10.02"]
[Round "8"]
[Board "4"]
[WhiteFideId "1621645"]
[White "Schreiner Peter"]
[BlackFideId "1701754"]
[Black "Westerberg Jonathan"]
[Result "1/2-1/2"]
[LiveChessVersion "1.4.8"]
[BlackElo "2504"]
[WhiteElo "2463"]

1. Nf3 {[%clk 1:30:57]} d5 {[%clk 1:30:29]} 2. g3 {[%clk 1:31:21]} Nf6
{[%clk 1:30:31]} 3. Bg2 {[%clk 1:31:45]} e6 {[%clk 1:30:30]} 4. O-O
{[%clk 1:32:01]} Be7 {[%clk 1:30:34]} 5. c4 {[%clk 1:32:20]} O-O {[%clk 1:30:42]}
6. d4 {[%clk 1:32:22]} dxc4 {[%clk 1:30:42]} 7. Qc2 {[%clk 1:32:41]} b6
{[%clk 1:30:45]} 8. Bg5 {[%clk 1:32:42]} Nd5 {[%clk 1:30:31]} 9. Bxe7
{[%clk 1:33:04]} Qxe7 {[%clk 1:30:56]} 10. Ne5 {[%clk 1:32:51]} Bb7
{[%clk 1:24:52]} 11. Qxc4 {[%clk 1:32:55]} c5 {[%clk 1:22:21]} 12. Nc3
{[%clk 1:33:05]} Nxc3 {[%clk 1:15:14]} 13. Qxc3 {[%clk 1:31:37]} cxd4
{[%clk 1:12:11]} 14. Qxd4 {[%clk 1:31:56]} Bxg2 {[%clk 1:11:58]} 15. Kxg2
{[%clk 1:32:16]} Qb7+ {[%clk 1:06:45]} 16. f3 {[%clk 1:31:48]} Nc6
{[%clk 1:05:00]} 17. Qe4 {[%clk 1:27:03]} Na5 {[%clk 0:50:29]} 18. Qxb7
{[%clk 1:16:40]} Nxb7 {[%clk 0:50:57]} 19. Rfd1 {[%clk 1:09:47]} Rfc8
{[%clk 0:48:05]} 20. Rac1 {[%clk 1:02:05]} f6 {[%clk 0:46:25]} 21. Nc6
{[%clk 1:01:28]} Kf8 {[%clk 0:45:15]} 22. b4 {[%clk 0:53:20]} Ke8
{[%clk 0:44:03]} 23. Kf2 {[%clk 0:50:47]} Nd8 {[%clk 0:35:49]} 24. Nd4
{[%clk 0:48:31]} a6 {[%clk 0:35:18]} 25. g4 {[%clk 0:44:16]} Rxc1
{[%clk 0:34:52]} 26. Rxc1 {[%clk 0:44:40]} Kd7 {[%clk 0:35:19]} 27. Rd1
{[%clk 0:38:00]} Ke7 {[%clk 0:35:31]} 28. Rc1 {[%clk 0:34:01]} Kd7
{[%clk 0:36:00]} 29. Rd1 {[%clk 0:30:37]} Ke7 {[%clk 0:36:24]} 30. Rc1
{[%clk 0:31:03]} Kd7 {[%clk 0:36:49]} 1/2-1/2

[Event "World Chess Olympiad 2018"]
[Site "Batumi"]
[Date "2018.10.02"]
[Round "8"]
[Board "1"]
[WhiteFideId "1510045"]
[White "Tari Aryan"]
[BlackFideId "4201345"]
[Black "Papaioannou Ioannis"]
[Result "1/2-1/2"]
[LiveChessVersion "1.4.8"]
[BlackElo "2634"]
[WhiteElo "2618"]

1. e4 {[%clk 1:30:52]} c5 {[%clk 1:30:49]} 2. Nf3 {[%clk 1:30:58]} d6
{[%clk 1:31:11]} 3. d4 {[%clk 1:31:14]} cxd4 {[%clk 1:31:34]} 4. Nxd4
{[%clk 1:31:39]} Nf6 {[%clk 1:31:56]} 5. Nc3 {[%clk 1:32:04]} a6 {[%clk 1:32:20]}
6. Be3 {[%clk 1:32:10]} e5 {[%clk 1:32:18]} 7. Nb3 {[%clk 1:32:32]} Be6
{[%clk 1:32:28]} 8. Be2 {[%clk 1:31:56]} Be7 {[%clk 1:31:45]} 9. h4
{[%clk 1:32:16]} h5 {[%clk 1:29:10]} 10. Nd5 {[%clk 1:31:56]} Bxd5
{[%clk 1:27:26]} 11. exd5 {[%clk 1:32:19]} Nbd7 {[%clk 1:27:40]} 12. c4
{[%clk 1:32:27]} Rc8 {[%clk 1:24:58]} 13. a4 {[%clk 1:20:37]} a5 {[%clk 1:23:40]}
14. Nd2 {[%clk 1:15:03]} g6 {[%clk 1:21:50]} 15. g3 {[%clk 1:13:41]} Nc5
{[%clk 1:19:41]} 16. O-O {[%clk 1:06:23]} O-O {[%clk 1:18:23]} 17. Kg2
{[%clk 0:58:10]} Qd7 {[%clk 1:14:14]} 18. f3 {[%clk 0:43:09]} e4 {[%clk 1:09:06]}
19. f4 {[%clk 0:41:29]} Qf5 {[%clk 1:03:54]} 20. Re1 {[%clk 0:37:44]} Rfe8
{[%clk 0:58:25]} 21. Bd4 {[%clk 0:35:11]} Bd8 {[%clk 0:38:29]} 22. Nf1
{[%clk 0:34:16]} Nd3 {[%clk 0:37:26]} 23. Bxd3 {[%clk 0:25:18]} exd3
{[%clk 0:37:42]} 24. Nd2 {[%clk 0:23:54]} Rxe1 {[%clk 0:32:35]} 25. Qxe1
{[%clk 0:24:23]} Rxc4 26. Bxf6 {[%clk 0:22:20]} Bxf6 {[%clk 0:32:20]} 27. Nxc4
{[%clk 0:22:20]} Qxd5+ {[%clk 0:32:44]} 28. Kh2 {[%clk 0:21:55]} Qxc4
{[%clk 0:33:07]} 29. Qd2 {[%clk 0:21:14]} Bd4 {[%clk 0:15:44]} 30. Ra3
{[%clk 0:19:46]} Bc5 {[%clk 0:15:28]} 31. Rxd3 {[%clk 0:19:51]} Qxa4
{[%clk 0:13:23]} 32. Qe2 {[%clk 0:16:17]} Qd7 {[%clk 0:13:03]} 33. Qe4
{[%clk 0:15:19]} a4 {[%clk 0:12:36]} 34. b4 {[%clk 0:14:10]} axb3
{[%clk 0:09:53]} 35. Rxb3 {[%clk 0:14:36]} b6 {[%clk 0:09:32]} 36. Rf3
{[%clk 0:13:22]} Qa7 {[%clk 0:05:35]} 37. Qd3 {[%clk 0:11:32]} Qa2+
{[%clk 0:04:02]} 1/2-1/2

[Event "World Chess Olympiad 2018"]
[Site "Batumi"]
[Date "2018.10.02"]
[Round "8"]
[Board "2"]
[WhiteFideId "4202694"]
[White "Mastrovasilis Dimitrios"]
[BlackFideId "1512668"]
[Black "Christiansen Johan-Sebastian"]
[Result "1/2-1/2"]
[LiveChessVersion "1.4.8"]
[BlackElo "2525"]
[WhiteElo "2594"]

1. e4 {[%clk 1:30:56]} e6 {[%clk 1:30:57]} 2. d4 {[%clk 1:31:16]} d5
{[%clk 1:31:21]} 3. Bd3 {[%clk 1:31:37]} dxe4 {[%clk 1:31:46]} 4. Bxe4
{[%clk 1:31:57]} Nf6 {[%clk 1:32:14]} 5. Bf3 {[%clk 1:32:04]} c5 {[%clk 1:32:42]}
6. Ne2 {[%clk 1:32:13]} Be7 {[%clk 1:33:09]} 7. Nbc3 {[%clk 1:31:34]} O-O
{[%clk 1:33:12]} 8. O-O {[%clk 1:31:30]} Nc6 {[%clk 1:33:36]} 9. Be3
{[%clk 1:30:13]} Qa5 {[%clk 1:34:03]} 10. Bxc6 {[%clk 1:03:19]} bxc6
{[%clk 1:34:26]} 11. dxc5 {[%clk 1:03:41]} Bxc5 {[%clk 1:30:16]} 12. Bxc5
{[%clk 1:03:13]} Qxc5 {[%clk 1:30:43]} 13. Qd4 {[%clk 1:02:46]} Qa5
{[%clk 1:09:32]} 14. Ne4 {[%clk 0:55:00]} Nxe4 {[%clk 1:06:55]} 15. Qxe4
{[%clk 0:55:09]} Ba6 {[%clk 1:06:27]} 16. c4 {[%clk 0:44:13]} Rad8
{[%clk 1:01:58]} 17. b3 {[%clk 0:44:19]} c5 {[%clk 0:56:14]} 18. Ng3
{[%clk 0:38:23]} Qc7 {[%clk 0:40:14]} 19. Rad1 {[%clk 0:34:57]} Bb7
{[%clk 0:40:10]} 20. Qe3 {[%clk 0:34:49]} h6 {[%clk 0:30:37]} 21. Ne2
{[%clk 0:30:35]} Qa5 {[%clk 0:27:17]} 22. Nc3 {[%clk 0:29:20]} Bc6
{[%clk 0:27:45]} 23. h3 {[%clk 0:26:38]} Qb6 {[%clk 0:27:50]} 24. Rxd8
{[%clk 0:21:18]} Rxd8 {[%clk 0:28:12]} 25. Re1 {[%clk 0:21:28]} Qb7
{[%clk 0:26:29]} 26. f3 {[%clk 0:15:17]} Qb6 {[%clk 0:26:52]} 27. Kh2
{[%clk 0:12:08]} Qa5 {[%clk 0:18:14]} 28. Qe5 {[%clk 0:07:20]} Rd2
{[%clk 0:14:58]} 29. Re3 {[%clk 0:06:25]} Kh7 {[%clk 0:12:11]} 30. Qf4
{[%clk 0:05:58]} Rd7 {[%clk 0:11:37]} 31. Qe5 {[%clk 0:05:43]} Rd2
{[%clk 0:11:10]} 32. Qf4 {[%clk 0:05:33]} Rd7 {[%clk 0:10:33]} 33. Qe5
{[%clk 0:04:52]} 1/2-1/2

[Event "World Chess Olympiad 2018"]
[Site "Batumi"]
[Date "2018.10.02"]
[Round "8"]
[Board "3"]
[WhiteFideId "1506536"]
[White "Notkevich Benjamin Arvola"]
[BlackFideId "4202139"]
[Black "Nikolaidis Ioannis"]
[Result "1/2-1/2"]
[LiveChessVersion "1.4.8"]
[BlackElo "2544"]
[WhiteElo "2493"]

1. d4 {[%clk 1:30:57]} Nf6 {[%clk 1:30:48]} 2. c4 {[%clk 1:31:23]} e6
{[%clk 1:31:01]} 3. g3 {[%clk 1:31:47]} d5 {[%clk 1:30:41]} 4. Nf3
{[%clk 1:32:12]} dxc4 {[%clk 1:30:24]} 5. Bg2 {[%clk 1:32:33]} a6
{[%clk 1:30:46]} 6. a4 {[%clk 1:28:40]} Nc6 {[%clk 1:27:20]} 7. O-O
{[%clk 1:28:12]} Rb8 {[%clk 1:25:41]} 8. e3 {[%clk 1:21:05]} Be7 {[%clk 1:18:28]}
9. Nfd2 {[%clk 1:16:30]} e5 {[%clk 1:17:00]} 10. Bxc6+ {[%clk 1:16:55]} bxc6
{[%clk 1:17:26]} 11. dxe5 {[%clk 1:17:20]} Ng4 {[%clk 1:09:18]} 12. Nxc4
{[%clk 1:17:43]} Qd5 {[%clk 0:51:19]} 13. Qd4 {[%clk 0:47:19]} Bc5
{[%clk 0:42:38]} 14. Qc3 {[%clk 0:46:53]} Bb4 {[%clk 0:32:30]} 15. Qd4
{[%clk 0:43:28]} Bc5 {[%clk 0:28:47]} 16. Qc3 {[%clk 0:43:34]} Bb4
{[%clk 0:29:13]} 17. Qd4 {[%clk 0:43:42]} Bc5 {[%clk 0:29:37]} 1/2-1/2

[Event "World Chess Olympiad 2018"]
[Site "Batumi"]
[Date "2018.10.02"]
[Round "8"]
[Board "4"]
[WhiteFideId "4212312"]
[White "Pavlidis Antonios"]
[BlackFideId "1509500"]
[Black "Salomon Johan"]
[Result "0-1"]
[LiveChessVersion "1.4.8"]
[BlackElo "2477"]
[WhiteElo "2552"]

1. e4 {[%clk 1:30:57]} e5 {[%clk 1:30:59]} 2. Nf3 {[%clk 1:31:22]} Nc6
{[%clk 1:31:25]} 3. Bc4 {[%clk 1:31:46]} Bc5 {[%clk 1:31:48]} 4. d3
{[%clk 1:32:11]} Nf6 {[%clk 1:32:07]} 5. Bg5 {[%clk 1:32:34]} h6 {[%clk 1:32:12]}
6. Bh4 {[%clk 1:32:59]} d6 {[%clk 1:31:58]} 7. a4 {[%clk 1:31:45]} a6
{[%clk 1:30:19]} 8. c3 {[%clk 1:30:40]} Ba7 {[%clk 1:29:30]} 9. Na3
{[%clk 1:30:12]} g5 {[%clk 1:24:20]} 10. Bg3 {[%clk 1:29:53]} Qe7
{[%clk 1:18:26]} 11. Nc2 {[%clk 1:11:01]} Nh5 {[%clk 1:14:08]} 12. Ne3
{[%clk 1:07:33]} Bxe3 {[%clk 1:13:10]} 13. fxe3 {[%clk 1:05:51]} Nxg3
{[%clk 1:09:40]} 14. hxg3 {[%clk 1:06:17]} Bg4 {[%clk 1:01:28]} 15. b4
{[%clk 0:57:00]} Nd8 {[%clk 0:59:44]} 16. Qb3 {[%clk 0:36:17]} Be6
{[%clk 0:47:05]} 17. Ra2 {[%clk 0:33:34]} a5 {[%clk 0:35:46]} 18. d4
{[%clk 0:23:24]} Bxc4 {[%clk 0:29:01]} 19. Qxc4 {[%clk 0:23:50]} axb4
{[%clk 0:27:33]} 20. Qxb4 {[%clk 0:19:08]} Qe6 {[%clk 0:26:28]} 21. d5
{[%clk 0:14:59]} Qg4 {[%clk 0:25:53]} 22. Kf2 {[%clk 0:15:25]} h5
{[%clk 0:22:10]} 23. Qb5+ {[%clk 0:09:49]} Kf8 {[%clk 0:21:34]} 24. Qc4
{[%clk 0:09:45]} Rc8 {[%clk 0:21:34]} 25. a5 {[%clk 0:08:40]} Kg7
{[%clk 0:20:18]} 26. Nh2 {[%clk 0:04:36]} Qd7 {[%clk 0:20:43]} 27. Qe2
{[%clk 0:05:04]} g4 {[%clk 0:14:40]} 28. Nf1 {[%clk 0:05:30]} c6 {[%clk 0:14:53]}
29. c4 {[%clk 0:05:55]} cxd5 {[%clk 0:14:31]} 30. cxd5 {[%clk 0:05:38]} f5
{[%clk 0:12:43]} 31. Rc2 {[%clk 0:04:55]} fxe4 {[%clk 0:11:58]} 32. Rxc8
{[%clk 0:04:16]} Qxc8 {[%clk 0:12:16]} 33. Nd2 {[%clk 0:04:32]} Qc2
{[%clk 0:08:21]} 34. Rb1 {[%clk 0:02:21]} Qa2 {[%clk 0:07:25]} 35. Kg1
{[%clk 0:00:50]} Qxd5 {[%clk 0:07:14]} 36. Nc4 {[%clk 0:00:55]} Nf7
{[%clk 0:06:34]} 37. Rd1 {[%clk 0:01:23]} Qe6 {[%clk 0:06:25]} 38. Nb6
{[%clk 0:01:52]} h4 {[%clk 0:06:21]} 39. Qf2 {[%clk 0:01:55]} h3 {[%clk 0:05:17]}
40. Rc1 {[%clk 0:32:12]} hxg2 {[%clk 0:33:45]} 41. Rc7 {[%clk 0:27:03]} Kg6
{[%clk 0:25:08]} 42. Kxg2 {[%clk 0:18:13]} Ng5 {[%clk 0:23:16]} 43. Rc1
{[%clk 0:18:40]} Nf3 {[%clk 0:21:57]} 44. Rh1 {[%clk 0:19:08]} Rxh1
{[%clk 0:21:29]} 45. Kxh1 {[%clk 0:19:37]} Kg5 {[%clk 0:19:37]} 46. Kg2
{[%clk 0:20:04]} Qh6 {[%clk 0:19:57]} 47. Kf1 {[%clk 0:20:31]} Qh1+
{[%clk 0:20:18]} 48. Ke2 {[%clk 0:20:58]} Qc1 {[%clk 0:20:31]} 49. Nd7
{[%clk 0:21:00]} Qc4+ {[%clk 0:20:54]} 50. Kd1 {[%clk 0:21:28]} Qa4+
{[%clk 0:21:16]} 51. Qc2 {[%clk 0:21:39]} Qxd7 {[%clk 0:21:32]} 52. Qxe4
{[%clk 0:22:06]} Qf5 {[%clk 0:19:09]} 53. Qxb7 {[%clk 0:22:22]} Qd3+
{[%clk 0:19:36]} 54. Kc1 {[%clk 0:22:36]} Qc3+ {[%clk 0:19:51]} 55. Kb1
{[%clk 0:22:56]} Nd2+ {[%clk 0:20:19]} 56. Ka2 {[%clk 0:23:20]} Qxa5+
{[%clk 0:20:12]} 57. Kb2 {[%clk 0:23:46]} Qb6+ {[%clk 0:20:35]} 0-1

[Event "World Chess Olympiad 2018"]
[Site "Batumi"]
[Date "2018.10.02"]
[Round "8"]
[Board "1"]
[WhiteFideId "12401137"]
[White "Le Quang Liem"]
[BlackFideId "13702661"]
[Black "Jumabayev Rinat"]
[Result "1/2-1/2"]
[LiveChessVersion "1.4.8"]
[BlackElo "2605"]
[WhiteElo "2715"]

1. e4 {[%clk 1:30:56]} e5 {[%clk 1:30:30]} 2. Nf3 {[%clk 1:31:17]} Nc6
{[%clk 1:30:59]} 3. Bc4 {[%clk 1:31:35]} Bc5 {[%clk 1:31:23]} 4. O-O
{[%clk 1:31:50]} Nf6 {[%clk 1:31:22]} 5. d3 {[%clk 1:32:12]} a6 {[%clk 1:31:07]}
6. a4 {[%clk 1:32:20]} d6 {[%clk 1:31:27]} 7. c3 {[%clk 1:32:31]} h6
{[%clk 1:31:50]} 8. Re1 {[%clk 1:32:40]} O-O {[%clk 1:32:12]} 9. h3
{[%clk 1:32:36]} Re8 {[%clk 1:32:36]} 10. Nbd2 {[%clk 1:32:35]} Be6
{[%clk 1:32:37]} 11. Bxe6 {[%clk 1:32:47]} Rxe6 {[%clk 1:33:01]} 12. b4
{[%clk 1:33:07]} Ba7 {[%clk 1:33:26]} 13. Qc2 {[%clk 1:33:13]} Qd7
{[%clk 1:33:41]} 14. Nf1 {[%clk 1:31:26]} Ne7 {[%clk 1:09:34]} 15. Ng3
{[%clk 1:28:56]} d5 {[%clk 1:02:53]} 16. exd5 {[%clk 1:03:42]} Nfxd5
{[%clk 1:02:51]} 17. Bd2 {[%clk 0:51:48]} Ng6 {[%clk 1:01:35]} 18. c4
{[%clk 0:52:04]} Ndf4 {[%clk 0:51:25]} 19. Bxf4 {[%clk 0:49:42]} Nxf4
{[%clk 0:51:43]} 20. Rad1 {[%clk 0:48:25]} Rae8 {[%clk 0:46:15]} 21. c5
{[%clk 0:31:00]} c6 {[%clk 0:44:57]} 22. Re4 {[%clk 0:30:33]} Bb8
{[%clk 0:43:26]} 23. d4 {[%clk 0:30:46]} exd4 {[%clk 0:41:45]} 24. Rdxd4
{[%clk 0:27:29]} Nd5 {[%clk 0:41:40]} 25. Nf5 {[%clk 0:25:15]} Rxe4
{[%clk 0:24:50]} 26. Rxe4 {[%clk 0:25:44]} Rxe4 {[%clk 0:22:27]} 27. Qxe4
{[%clk 0:26:12]} Qe6 {[%clk 0:22:45]} 28. Qg4 {[%clk 0:22:05]} Qf6
{[%clk 0:17:42]} 29. N5d4 {[%clk 0:19:43]} Kh7 {[%clk 0:14:32]} 30. b5
{[%clk 0:18:43]} axb5 {[%clk 0:12:06]} 31. axb5 {[%clk 0:19:11]} Nc3
{[%clk 0:02:05]} 32. b6 {[%clk 0:13:53]} Qg6 {[%clk 0:01:51]} 33. g3
{[%clk 0:13:09]} Ne4 {[%clk 0:00:48]} 34. Nb3 {[%clk 0:11:33]} f5
{[%clk 0:01:17]} 35. Qxg6+ {[%clk 0:11:46]} Kxg6 {[%clk 0:01:46]} 36. Kf1
{[%clk 0:06:54]} Kf6 {[%clk 0:01:50]} 37. Ke2 {[%clk 0:07:04]} g5
{[%clk 0:00:33]} 38. Nfd2 {[%clk 0:05:03]} Ke5 {[%clk 0:00:39]} 39. Nxe4
{[%clk 0:04:21]} Kxe4 {[%clk 0:01:05]} 40. Na5 {[%clk 0:34:43]} Kd5
{[%clk 0:30:32]} 41. Nxb7 {[%clk 0:35:06]} g4 {[%clk 0:22:56]} 42. h4
{[%clk 0:29:49]} h5 {[%clk 0:16:52]} 43. Ke3 {[%clk 0:14:12]} Be5
{[%clk 0:15:39]} 44. f4 {[%clk 0:11:39]} gxf3 {[%clk 0:14:10]} 45. Kxf3
{[%clk 0:12:04]} Kd4 {[%clk 0:11:00]} 46. Nd6 {[%clk 0:10:26]} Kxc5
{[%clk 0:10:52]} 47. Nxf5 {[%clk 0:10:50]} Kxb6 {[%clk 0:11:03]} 48. Ke4
{[%clk 0:11:14]} Bc3 {[%clk 0:09:30]} 49. Ne3 {[%clk 0:09:21]} Be1
{[%clk 0:07:30]} 50. g4 {[%clk 0:09:41]} hxg4 {[%clk 0:07:46]} 51. h5
{[%clk 0:08:51]} g3 {[%clk 0:04:38]} 52. h6 {[%clk 0:09:07]} Bc3 {[%clk 0:05:01]}
53. Kf3 {[%clk 0:09:21]} Kc7 {[%clk 0:05:08]} 1/2-1/2

[Event "World Chess Olympiad 2018"]
[Site "Batumi"]
[Date "2018.10.02"]
[Round "8"]
[Board "2"]
[WhiteFideId "13701525"]
[White "Ismagambetov Anuar"]
[BlackFideId "12401110"]
[Black "Nguyen Ngoc Truong Son"]
[Result "0-1"]
[LiveChessVersion "1.4.8"]
[BlackElo "2620"]
[WhiteElo "2538"]

1. e4 {[%clk 1:30:57]} c5 {[%clk 1:30:40]} 2. Nf3 {[%clk 1:30:57]} d6
{[%clk 1:31:00]} 3. d4 {[%clk 1:31:21]} cxd4 {[%clk 1:31:20]} 4. Nxd4
{[%clk 1:31:45]} Nf6 {[%clk 1:31:41]} 5. Nc3 {[%clk 1:32:02]} a6 {[%clk 1:32:00]}
6. Bg5 {[%clk 1:31:15]} e6 {[%clk 1:32:16]} 7. f4 {[%clk 1:31:18]} Be7
{[%clk 1:32:35]} 8. Qf3 {[%clk 1:31:20]} Qc7 {[%clk 1:32:45]} 9. O-O-O
{[%clk 1:31:41]} O-O {[%clk 1:32:12]} 10. g4 {[%clk 1:27:40]} b5 {[%clk 1:27:50]}
11. Bxf6 {[%clk 1:24:13]} Bxf6 {[%clk 1:27:51]} 12. g5 {[%clk 1:24:34]} Bxd4
{[%clk 1:26:41]} 13. Rxd4 {[%clk 1:24:56]} Nc6 {[%clk 1:25:06]} 14. Rd1
{[%clk 1:21:10]} b4 {[%clk 1:22:59]} 15. Ne2 {[%clk 1:20:17]} a5 {[%clk 1:21:56]}
16. Kb1 {[%clk 1:12:14]} Ba6 {[%clk 1:16:55]} 17. Ng3 {[%clk 1:09:45]} Rfc8
{[%clk 1:07:21]} 18. Bxa6 {[%clk 1:05:03]} Rxa6 {[%clk 1:07:33]} 19. Qd3
{[%clk 1:05:23]} b3 {[%clk 1:02:49]} 20. cxb3 {[%clk 0:58:27]} Nb4
{[%clk 1:02:38]} 21. Qd2 {[%clk 0:58:45]} Rc6 {[%clk 0:56:21]} 22. Rc1
{[%clk 0:58:37]} Rxc1+ {[%clk 0:43:20]} 23. Rxc1 {[%clk 0:56:05]} Qxc1+
{[%clk 0:43:40]} 24. Qxc1 {[%clk 0:56:29]} Rxc1+ {[%clk 0:44:04]} 25. Kxc1
{[%clk 0:56:52]} Nxa2+ {[%clk 0:44:08]} 26. Kd2 {[%clk 0:56:58]} Kf8
{[%clk 0:43:15]} 27. Kd3 {[%clk 0:54:43]} Ke7 {[%clk 0:41:36]} 28. Ne2
{[%clk 0:52:04]} d5 {[%clk 0:38:03]} 29. e5 {[%clk 0:40:07]} Kd7 {[%clk 0:36:47]}
30. Kd4 {[%clk 0:40:06]} Kc6 {[%clk 0:36:53]} 31. Ng3 {[%clk 0:40:13]} g6
{[%clk 0:30:30]} 32. Ne2 {[%clk 0:33:11]} Nb4 {[%clk 0:27:31]} 33. Kc3
{[%clk 0:32:04]} Kc5 {[%clk 0:27:11]} 34. Nd4 {[%clk 0:31:11]} Nc6
{[%clk 0:26:18]} 35. Nf3 {[%clk 0:29:41]} Na7 {[%clk 0:19:05]} 36. Kc2
{[%clk 0:28:49]} Nc6 {[%clk 0:16:25]} 37. Kc3 {[%clk 0:28:49]} Ne7
{[%clk 0:11:17]} 38. Nd4 {[%clk 0:23:10]} Nf5 {[%clk 0:10:16]} 39. Nxf5
{[%clk 0:21:21]} gxf5 {[%clk 0:10:30]} 40. b4+ {[%clk 0:51:47]} axb4+
{[%clk 0:39:50]} 41. Kd3 {[%clk 0:52:03]} b3 {[%clk 0:39:06]} 42. Kc3
{[%clk 0:46:02]} d4+ {[%clk 0:39:04]} 43. Kxb3 {[%clk 0:44:37]} Kd5
{[%clk 0:39:27]} 44. Kc2 {[%clk 0:44:27]} Ke4 {[%clk 0:39:52]} 45. b4
{[%clk 0:38:55]} Kxf4 {[%clk 0:40:17]} 46. Kd3 {[%clk 0:38:27]} Kxe5
{[%clk 0:40:40]} 47. b5 {[%clk 0:38:53]} Kd5 {[%clk 0:40:15]} 48. b6
{[%clk 0:39:10]} Kc6 {[%clk 0:40:41]} 49. Kxd4 {[%clk 0:39:36]} Kxb6
{[%clk 0:37:39]} 50. Ke5 {[%clk 0:39:24]} Kc6 {[%clk 0:37:59]} 0-1